Diccionario de economía (Registro nro. 12410)

Detalles MARC
000 -Cabecera
Campo de control de longitud fija 00538nam a22001937a 4500
005 - Fecha y hora de la última transacción
Campo de control 20250207135217.0
008 - Elementos de longitud fija--Información general
Campo de control de longitud fija 150304b2003 xxu||||| |||| 00| 0 spa d
041 ## - Idioma
Código de idioma Español
082 ## - Clasificación Decimal Dewey
Número de clasificación R 330.03 G791d2
100 ## - Entrada principal--Autor personal
Nombre personal Greco, Orlando
245 ## - Título propiamente dicho
Título Diccionario de economía
260 ## - Pie de imprenta
Lugar de publicación, distribución, etc. Argentina
Nombre del editor, distribuidor, etc. Valleta Ediciones
Fecha de publicación, distribución, etc. 2003
300 ## - Descripción física
Extensión 494 páginas
505 ## - Nota de contenido
Nota de contenido Contiene disco compacto N° 370
505 ## - Nota de contenido
Nota de contenido Disco compacto requiere instalación de aplicación
650 ## - Materia general
Temática (materia general) ECONOMÍA
650 ## - Materia general
Temática (materia general) DICCIONARIOS
942 ## - Punto de acceso adicional KOHA
Tipo de ítem KOHA Referencia
Fuente del sistema de clasificación o colocación Dewey Decimal Classification
Existencias
Signatura completa Código de barras Tipo de ítem
R 330.03 G791d2 11732 Referencia
370 DC 370DC Disco Compacto